| 000 | 00907nam a2200277Ia 4500 | ||
|---|---|---|---|
| 003 | OSt | ||
| 005 | 20220926003741.0 | ||
| 006 | a|||||r|||| 00| 0 | ||
| 007 | ta | ||
| 008 | 220923b |||||||| |||| 00| 0 eng d | ||
| 020 |
_a019 565 8191 _c978.84 |
||
| 037 |
_b65685/ _19.95, 30/11/2000, IBD _cGeneral Book |
||
| 040 |
_aRTL _cRTL _beng |
||
| 041 |
_2eng _aeng |
||
| 082 | _aY:4582, P0 | ||
| 100 |
_aDas Veena and other Ed. _9307740 |
||
| 245 | 0 | _aViolence and subjectivity | |
| 260 |
_a New Delhi _bOxfordUniversity Press _c2000 |
||
| 300 |
_ax, 379p. _ccm. |
||
| 490 | _aCulture, Health and Human Development Program of the Social Science Research | ||
| 500 | _aBibliography chapterwise | ||
| 541 | _19.95, 30/11/2000, IBD | ||
| 650 | _a Sociology | ||
| 650 |
_aSocial Voilence _9237404 |
||
| 942 |
_hY:4582, P0 _cGB _2CC |
||
| 999 |
_c608798 _d608798 |
||